| 000 | 00524nam a2200169Ia 4500 | ||
|---|---|---|---|
| 003 | GCL | ||
| 005 | 20240530095358.0 | ||
| 008 | 140319s9999 xx 000 0 ara d | ||
| 040 |
_aGCL / _cGCL |
||
| 082 | 0 | 4 |
_a050 _bد/م ع |
| 245 | 1 | 0 | _aالكون فى قشرة جوز ( عالم المعرفة 291 ) |
| 260 |
_aالكويت : _bالمجلس الوطنى للثقافة والفنون والاداب ، _c2002 |
||
| 650 | 0 | 4 | _aالتنبؤ |
| 650 | 0 | 4 | _aالكون |
| 650 | 0 | 4 | _aتطويرالمجتمع |
| 942 |
_2ddc _cCR |
||
| 999 |
_c6648 _d6648 |
||